Statystyki dla Państwa Oceanii - Quiz na mapie

Kliknij tutaj aby rozwiązać quiz!

Ogólne statystyki

  • Ten quiz został rozwiązany 11 474 razy
  • Średni wynik to 8 z 16

Odpowiedzi na mapie

Odpowiedzi skodowane kolorowo w zielono-czerwonej skali na mapie do tego quizu, zgodnie z poniższymi procentami.
 

Statystyki odpowiedzi

Odpowiedź% Poprawnych
Australia
98%
Nowa Zelandia
90%
Papua-Nowa Gwinea
85%
Mikronezja
55%
Kiribati
47%
Fidzi
44%
Palau
39%
Wyspy Salomona
39%
Nauru
38%
Wyspy Marshalla
38%
Polinezja Francuska
33%
Samoa
33%
Vanuatu
30%
Nowa Kaledonia (Francja)
29%
Tonga
29%
Tuvalu
27%

Rozkład punktacji

Percentyl według liczby udzielonych odpowiedzi

Procent ludzi z każdym wynikiem

Twoja historia wyników

Nie rozwiązałeś tego quizu